Liečebný dom Machnáč, Trenčianske Teplice – rekonštrukcia a adaptácia

Salvato in:
Dettagli Bibliografici
Autore principale: Hrabovský, Michal, 1985- (Autore)
Altri autori: Pohaničová, Jana, 1966- (Relatore della tesi)
Natura: Manoscritto Libro
Lingua:slovacco
Pubblicazione: Bratislava : STU v Bratislave FA, 2010
Soggetti:
Accesso online:CRZP
Tags: Aggiungi Tag
Nessun Tag, puoi essere il primo ad aggiungerne!!

MARC

LEADER 00000ntm a22000003a 4500
001 stu218109
005 20220225084544.5
008 101202s2010----xo------------------slo-d
040 |a STU  |b slo 
041 0 |a slo 
044 |a xo 
100 1 |a Hrabovský, Michal,  |d 1985-  |4 aut  |u A  |T FAD Fakulta architektúry  |X 15442  |U A  |Y 50  |7 A000015442 
242 0 0 |a Spa hotel Machnáč, Trenčianske Teplice - adaptation and reconstruction  |y eng 
245 1 |a Liečebný dom Machnáč, Trenčianske Teplice – rekonštrukcia a adaptácia 
260 |a Bratislava :  |b STU v Bratislave FA,  |c 2010 
650 7 |a architektúra  |2 stusub 
650 7 |a architecture  |2 estusub 
650 7 |a kúpele  |2 stusub 
650 7 |a obnova  |2 stusub 
650 7 |a funkcionalizmus  |2 stusub 
700 1 |a Pohaničová, Jana,  |d 1966-  |4 ths  |u A3130  |U FAD Fakulta architektúry  |T FA Ústav dejín a teórie architektúry a obnovy pamiatok  |X 390  |U A3130  |Y 394  |7 A000000390 
856 4 1 |u https://opac.crzp.sk/?fn=detailBiblioForm&sid=706B7159B114D32C9CB39B92A485  |3 CRZP